000 00680nam a22002057a 4500
999 _c5940
_d5940
003 AR-CdUCM
008 190313b ||||| |||| 00| 0 spa d
040 _aMUNICIPALIDAD PROVINCIAL DEL CUSCO
_cBIBLIOTECA MUNICIPAL DEL CUSCO
082 _a869.508 /
_bV182
100 _aVallejo, Cesar
_913046
245 _aPoemas escogidos /
260 _aPerú :
_bLatinoamericana,
_c1958.
300 _a126 páginas ;
_c18 cm.
500 _aForma parte de la 1ra feria internacional del libro.
505 _aLos heraldos negros -- Trilce -- Poemas Humanos -- España, aparta de mi este caliz...
650 _aPoesía.
_9139
650 _aPerú.
_935
942 _2ddc
_cLIBROS
945 _awfj